000 01859nab a2200241 i 4500
003 BR-BrBNA
005 20250514111630.0
008 250514b2017 bl.qr|pooa||| 00| 0 por |
040 _aBR-BrBNA
_bpor
072 _aF70
100 _aRamalho, Aline Joseph
100 _aZappi, Daniela Cristina
245 _aFlora das cangas da Serra dos Carajás, Pará, Brasil: Opiliaceae
500 _aPublicação on-line; 5 ref.; 1 illus.; Summaries (En, Pt)
520 _a Resumo O presente estudo apresenta o tratamento taxonômico de Opiliaceae para as formações de canga da Serra dos Carajás (Pará, Brasil), onde foi registrada apenas uma espécie, Agonandra silvatica Ducke, táxon de distribuição Neotropical (Guianas, Equador, Peru, Brasil e Norte da Bolivia). São apresentadas descrição detalhada, comentários e fotografias em campo da espécie. Palavras-chave: Agonandra silvatica, canga, FLONA Carajás, Santalales, taxonomia. Abstract This study presents the taxonomic treatment of Opiliaceae for the canga formations of Serra dos Carajás (Pará state, Brazil), where only one species was recorded, Agonandra silvatica Ducke, a taxon of Neotropical distribution (The Guianas, Ecuador, Peru, Brazil, and Northern Bolivia). Detailed description, comments and photos in the field of the species are presented. Key words: Agonandra silvatica, canga, FLONA Carajás, Santalales, taxonomy
650 _aCARAJÁS
650 _aTAXONOMIA
650 _aOPILIACEAE
773 0 _0709
_9350025
_dRio de Janeiro-RJ Jardim Botanico do Rio de Janeiro 1935
_o2025-2634
_tRodriguésia (Brazil)
_x0370-6583; 2175-7860 on-line
_gv. 68(3 special number) p. 1059-1061; (2017)
_wBR2025000955
856 _uhttps://www.scielo.br/j/rod/a/MCb6YtKwJykDL3mL4WBLNXh/?format=pdf&lang=pt
942 _cANA
999 _c331493
_d331493